| 000 | 00426nam a2200145Ia 4500 | ||
|---|---|---|---|
| 008 | 240729s9999 xx 000 0 und d | ||
| 022 | _a2413-8053 | ||
| 245 | 0 | _aEngaging Science, Technology, and Society | |
| 260 | _aUnited States | ||
| 260 | _bSociety for Social Studies of Science | ||
| 650 | _aTechnology | Science | ||
| 856 | _uhttps://doaj.org/toc/5cc35bd3d5844d4aa75320df94c37d97 | ||
| 942 | _2ddc | ||
| 942 | _cDOAJEJ | ||
| 999 |
_c75093 _d75093 |
||
| 945 |
_a1 _bMadushi Gamage _c1 _dMadushi Gamage |
||